[Event "Police Gniota Memorial 26th"]
[Site "Police"]
[Date "2011.07.09"]
[Round "5"]
[White "Moritz, Aron"]
[Black "Pawlicz, Adam"]
[Result "1-0"]
[WhiteElo "2091"]
[BlackElo "2044"]
[PlyCount "143"]
[EventDate "2011.07.05"]
[EventType "swiss"]
[EventRounds "9"]
[EventCountry "POL"]
[SourceTitle "CBM 143 Extra"]
[Source "ChessBase"]
[SourceDate "2011.08.29"]
[SourceVersion "1"]
[SourceVersionDate "2011.08.29"]
[SourceQuality "1"]

1. e4 c6 2. d4 d5 3. exd5 cxd5 4. Bd3 Nf6 5. c3 Qc7 6. h3 Nc6 7. Ne2 e6 8. Bf4 Bd6 9. Bxd6 Qxd6 10. Nd2 b6 11. 0-0 Bb7 12. Ng3 0-0 13. Qe2 Rac8 14. Nf3 Qf4 15. Rae1 Rc7 16. Bb1 Na5 17. Qd3 g6 18. Ne2 Qh6 19. Ne5 Nc4 20. Qg3 Rfc8 21. f4 Nh5 22. Qh4 Qg7 23. Kh2 Ba6 24. Rg1 Nd2 25. Bc2 Qf6 26. Qf2 Nc4 27. g4 Ng7 28. Nxc4 Bxc4 29. f5 e5 30. g5 Qd6 31. Qg3 Re8 32. dxe5 Qxe5 33. Nf4 Qd6 34. Rxe8+ Nxe8 35. f6 Rc8 36. Rd1 Rd8 37. b3 Ba6 38. Rxd5 Qc7 39. c4 Bb7 40. Rxd8 Qxd8 41. Qe3 Nc7 42. Kg3 Qd6 43. Kf2 Kf8 44. Bd3 Bc6 45. Be2 Bd7 46. Bf3 Bf5 47. Ke2 Bb1 48. a4 Bc2 49. Nd5 Ne6 50. Kd2 Bf5 51. a5 Nc5 52. axb6 axb6 53. Kc3 Be6 54. b4 Nd7 55. Nf4 Bf5 56. Bd5 Bb1 57. Ne2 Bf5 58. Nd4 Bb1 59. Nb5 Qe5+ 60. Qxe5 Nxe5 61. Kd4 Nd7 62. c5 bxc5+ 63. bxc5 Bf5 64. h4 h6 65. c6 hxg5 66. hxg5 Nb6 67. Kc5 Na4+ 68. Kd6 Ke8 69. Kc7 Nc5 70. Nd6+ Kf8 71. Bxf7 Nd7 72. Nxf5 1-0

[Event "Police Gniota Memorial 26th"]
[Site "Police"]
[Date "2011.07.08"]
[Round "4"]
[White "Maruszczak, Joanna"]
[Black "Pawlicz, Adam"]
[Result "1-0"]
[WhiteElo "1735"]
[BlackElo "2044"]
[PlyCount "59"]
[EventDate "2011.07.05"]
[EventType "swiss"]
[EventRounds "9"]
[EventCountry "POL"]
[SourceTitle "CBM 143 Extra"]
[Source "ChessBase"]
[SourceDate "2011.08.29"]
[SourceVersion "1"]
[SourceVersionDate "2011.08.29"]
[SourceQuality "1"]

1. e4 c6 2. d4 d5 3. exd5 cxd5 4. Bd3 Nf6 5. c3 Nc6 6. Bf4 e6 7. Nf3 Bd6 8. Bxd6 Qxd6 9. 0-0 0-0 10. Re1 g6 11. Ne5 Qe7 12. Nd2 Nxe5 13. Rxe5 Bd7 14. Qb3 Bc6 15. Rae1 Qc7 16. h3 a6 17. R5e3 Bb5 18. Bxb5 axb5 19. a3 Qd7 20. Nf3 Ne4 21. Ne5 Qe8 22. R3e2 Nd6 23. f3 h5 24. Nxg6 fxg6 25. Rxe6 Qc6 26. Rxg6+ Kh8 27. Ree6 Qc4 28. Qc2 Ne4 29. Qc1 Rf7 30. Rh6+ 1-0

[Event "Police Gniota Memorial 25th"]
[Site "Police"]
[Date "2010.07.10"]
[Round "5"]
[White "Pawlicz, Adam"]
[Black "Olenderek, Tomasz"]
[Result "1-0"]
[WhiteElo "2039"]
[BlackElo "2146"]
[PlyCount "71"]
[EventDate "2010.07.07"]
[EventType "swiss"]
[EventRounds "9"]
[EventCountry "POL"]
[SourceTitle "EXT 2011"]
[Source "ChessBase"]
[SourceDate "2010.11.26"]
[SourceVersion "1"]
[SourceVersionDate "2010.11.26"]
[SourceQuality "1"]

1. e4 d5 2. exd5 Nf6 3. c4 e6 4. dxe6 Bxe6 5. d4 Bb4+ 6. Bd2 Qe7 7. Qe2 Nc6 8. Nf3 0-0-0 9. d5 Rhe8 10. Nc3 Bxd5 11. cxd5 Qc5 12. dxc6 Bxc3 13. Bxc3 Ng4 14. cxb7+ Kb8 15. Nd4 Rxe2+ 16. Bxe2 Rxd4 17. Bxd4 Qxd4 18. 0-0 Nxh2 19. Rad1 Qh4 20. Rfe1 Ng4 21. Bxg4 Qxg4 22. Rd3 Kxb7 23. Re7 Qf4 24. Rc3 Kb6 25. g3 Qd6 26. Rxf7 Qd1+ 27. Kg2 Qd5+ 28. Rcf3 g5 29. R7f5 Qxa2 30. b3 g4 31. Re3 Qc2 32. Rf4 h5 33. Rb4+ Ka5 34. Rc4 Qh7 35. Re8 Qf7 36. Rb8 1-0

[Event "Police Gniota Memorial 25th"]
[Site "Police"]
[Date "2010.07.07"]
[Round "1"]
[White "Pawlicz, Adam"]
[Black "Krysztofiak, Marcin"]
[Result "0-1"]
[WhiteElo "2039"]
[BlackElo "2436"]
[PlyCount "78"]
[EventDate "2010.07.07"]
[EventType "swiss"]
[EventRounds "9"]
[EventCountry "POL"]
[SourceTitle "EXT 2011"]
[Source "ChessBase"]
[SourceDate "2010.11.26"]
[SourceVersion "1"]
[SourceVersionDate "2010.11.26"]
[SourceQuality "1"]

1. e4 d5 2. exd5 Qxd5 3. Nc3 Qd6 4. d4 Nf6 5. Nf3 a6 6. Bd3 Bg4 7. h3 Bh5 8. Ne4 Nxe4 9. Bxe4 c6 10. c3 Nd7 11. Bg5 h6 12. Bd2 Nf6 13. Bd3 Nd5 14. g4 Bg6 15. Ne5 Bxd3 16. Nxd3 h5 17. g5 Qe6+ 18. Qe2 Qxe2+ 19. Kxe2 g6 20. Rhe1 e6 21. Kf3 Bd6 22. Bf4 Be7 23. Re2 0-0 24. Bd2 Bd6 25. Rae1 Rac8 26. Bf4 Nxf4 27. Nxf4 c5 28. dxc5 Rxc5 29. Rd1 Bb8 30. Ng2 Rf5+ 31. Ke4 Rxg5 32. Ne3 f5+ 33. Kf3 e5 34. Nd5 e4+ 35. Ke3 Rg2 36. Ne7+ Kf7 37. Rd7 Ke6 38. Rxb7 Rd8 39. Nd5 Rxd5 0-1